[Event "Andalucia-ch U14"]
[Site "Islantilla"]
[Date "2012.04.13"]
[Round "2"]
[White "Gonzalez Capacete, Jose Miguel"]
[Black "Kuhn Jerez, Angel"]
[Result "1-0"]
[WhiteElo "1781"]
[BlackElo "1683"]
[PlyCount "48"]
[EventDate "2012.04.13"]
[EventType "swiss"]
[EventRounds "9"]
[EventCountry "ESP"]
[SourceTitle "CBM 148 Extra"]
[Source "ChessBase"]
[SourceDate "2012.06.22"]
[SourceVersion "1"]
[SourceVersionDate "2012.06.22"]
[SourceQuality "1"]

1. e4 e5 2. Nf3 Nc6 3. Bb5 Bc5 4. 0-0 d6 5. c3 Bg4 6. d3 h6 7. Be3 Bb6 8. d4 exd4 9. cxd4 a6 10. Ba4 Bd7 11. d5 Ne5 12. Nd4 Ne7 13. Nd2 0-0 14. h3 Ba5 15. Qc2 Bb6 16. f4 N5g6 17. Bxd7 Qxd7 18. Nc4 f5 19. Nxb6 cxb6 20. Ne6 Rf7 21. Bxb6 Nf8 22. Nd4 Re8 23. Nxf5 Nxf5 24. exf5 Rxf5 1-0